[Event "4NCL Online Division 6"]
[Site "online"]
[Date "2020.10.06"]
[Round "4.72"]
[White "Marshall, Duncan"]
[Black "Pert, Nina"]
[Result "1-0"]
[WhiteElo "1727"]
[BlackElo "1787"]
[PlyCount "67"]
[EventDate "2020.10.06"]
[WhiteTeam "Hertford 2"]
[BlackTeam "Brentwood B"]

1. d4 e6 2. e3 f5 3. Bd3 Nf6 4. f4 Be7 5. Nf3 b6 6. Nbd2 Bb7 7. O-O O-O 8. c3
c5 9. Qe2 Nc6 10. Ne5 Rc8 11. Nb3 Qe8 12. Bd2 d6 13. Nxc6 Bxc6 14. Be1 Qg6 15.
Bh4 Bd8 16. Nd2 Ng4 17. Bxd8 Rcxd8 18. Nf3 Rf6 19. Rae1 Qe8 20. Ng5 Rh6 21. h3
Qh5 22. dxc5 dxc5 23. Bc4 Re8 24. e4 Nf6 25. exf5 Qxe2 26. Rxe2 Bd5 27. Bb5 Re7
28. fxe6 Rg6 29. c4 Bb7 30. Rd1 Kf8 31. Rd8+ Ne8 32. Nxh7+ Kg8 33. Rxe8+ Rxe8
34. Bxe8 1-0

[Event "4NCL Online Division 6"]
[Site "online"]
[Date "2020.10.06"]
[Round "4.73"]
[White "Willoughby, Charlotte"]
[Black "Wooster, Nick"]
[Result "1-0"]
[WhiteElo "1645"]
[BlackElo "1682"]
[PlyCount "99"]
[EventDate "2020.10.06"]
[WhiteTeam "Brentwood B"]
[BlackTeam "Hertford 2"]

1. d4 Nf6 2. Bf4 d5 3. e3 Bf5 4. Nf3 h6 5. c4 e6 6. Nc3 c6 7. Be2 Bb4 8. O-O
O-O 9. a3 Bxc3 10. bxc3 Ne4 11. Qb3 b6 12. Rfd1 Nd7 13. Rac1 Ndf6 14. Ne5 Rc8
15. Qa4 Qe7 16. f3 Nd6 17. Nxc6 Qd7 18. cxd5 exd5 19. Bxd6 Qxd6 20. Ne5 Rc7 21.
c4 dxc4 22. Nxc4 Qd8 23. e4 Bd7 24. Qb4 Qc8 25. Qb2 Ba4 26. Re1 Rd8 27. d5 Rc5
28. Ne5 Qc7 29. Rxc5 Qxc5+ 30. Kh1 Rc8 31. h3 Nh5 32. Ba6 Rc7 33. Nd3 Qa5 34.
Qe5 Qxa6 35. Qxc7 Qxd3 36. Qc8+ Kh7 37. Qf5+ g6 38. Qxf7+ Kh8 39. Qf8+ Kh7 40.
Qb4 Ng3+ 41. Kh2 Nf1+ 42. Kg1 Bb5 43. Qe7+ Kg8 44. Qe6+ Kh7 45. Qf7+ Kh8 46.
Qf6+ Kh7 47. Qa1 Ne3 48. Qb1 Nc2 49. Rd1 Qe3+ 50. Kh1 1-0

[Event "4NCL Online Division 6"]
[Site "online"]
[Date "2020.10.06"]
[Round "4.74"]
[White "Hutton, Allan"]
[Black "Molostvov, Dmitry M"]
[Result "0-1"]
[WhiteElo "1562"]
[BlackElo "1712"]
[PlyCount "98"]
[EventDate "2020.10.06"]
[WhiteTeam "Hertford 2"]
[BlackTeam "Brentwood B"]

1. Nf3 Nf6 2. g3 g6 3. Bg2 Bg7 4. O-O O-O 5. d4 d5 6. Nbd2 Nbd7 7. c4 c6 8.
cxd5 cxd5 9. e3 e6 10. b3 b6 11. a4 a5 12. Ba3 Re8 13. Qb1 Ba6 14. Rc1 Rc8 15.
Ra2 Rxc1+ 16. Qxc1 Qb8 17. Rc2 Rc8 18. Bf1 Rxc2 19. Qxc2 Bxf1 20. Kxf1 Ne8 21.
Qc6 Qc7 22. Qxc7 Nxc7 23. Ke2 Bf8 24. Bxf8 Kxf8 25. h4 h5 26. Ne1 e5 27. dxe5
Nxe5 28. Nd3 Nxd3 29. Kxd3 Ke7 30. Nf3 Kd6 31. Kd4 Ne6+ 32. Kd3 Nc5+ 33. Kc2
Ne4 34. Ng5 Nxg5 35. hxg5 Ke5 36. Kd3 Kf5 37. Kd4 Kxg5 38. f3 Kf5 39. Kxd5 g5
40. e4+ Kf6 41. Kd4 h4 42. gxh4 gxh4 43. Ke3 Ke5 44. f4+ Kd6 45. Kf3 Kc5 46.
Kg4 Kd4 47. Kxh4 Kxe4 48. Kg5 f5 49. Kf6 Kxf4 0-1

[Event "4NCL Online Division 6"]
[Site "online"]
[Date "2020.10.06"]
[Round "4.81"]
[White "Gardner, Phillip K"]
[Black "Clarke, Paul R H"]
[Result "1-0"]
[WhiteElo "1862"]
[BlackElo "1688"]
[PlyCount "123"]
[EventDate "2020.10.06"]
[WhiteTeam "Deaf England"]
[BlackTeam "Bradford DCA Knights C"]

1. e4 d5 2. exd5 Qxd5 3. Nc3 Qd8 4. d4 Nf6 5. Nf3 Bg4 6. h3 Bxf3 7. Qxf3 c6 8.
Be3 e6 9. O-O-O Bb4 10. Nb1 Nd5 11. c3 Be7 12. Nd2 O-O 13. Bd3 Nd7 14. g4 Nxe3
15. fxe3 g6 16. e4 Bg5 17. Kb1 Bxd2 18. Rxd2 Qe7 19. h4 Rad8 20. h5 c5 21. Qe3
cxd4 22. cxd4 e5 23. d5 Qb4 24. hxg6 fxg6 25. Rdh2 Rf7 26. Qxa7 b6 27. Qa3 Qd4
28. Qc3 Qe3 29. Bc2 Qg5 30. Qc7 Rdf8 31. b4 Qxg4 32. Qc4 Qg5 33. Qe2 Qe7 34. a3
Nf6 35. d6 Qxd6 36. Bb3 Kh8 37. Bxf7 Rxf7 38. Rd1 Qc6 39. Qc2 Qb5 40. Rhd2 Kg7
41. Rc1 Qa6 42. Kb2 Qb7 43. Qc6 Nxe4 44. Qxb7 Rxb7 45. Re2 Nf6 46. Rxe5 h6 47.
Rce1 g5 48. Re7+ Rxe7 49. Rxe7+ Kg6 50. Re6 g4 51. Rxb6 g3 52. Rc6 h5 53. b5
Kf5 54. b6 g2 55. Rc1 h4 56. Rd1 h3 57. b7 Nd7 58. Rxd7 g1=Q 59. b8=Q Qf2+ 60.
Kc3 Qe1+ 61. Rd2 Qa1+ 62. Qb2 1-0

[Event "4NCL Online Division 6"]
[Site "online"]
[Date "2020.10.06"]
[Round "4.82"]
[White "Tait, Bill"]
[Black "MacLeod, Alasdair"]
[Result "1-0"]
[WhiteElo "1640"]
[BlackElo "1832"]
[PlyCount "143"]
[EventDate "2020.10.06"]
[WhiteTeam "Bradford DCA Knights C"]
[BlackTeam "Deaf England"]

1. e4 c5 2. Nc3 Nc6 3. f4 d6 4. Nf3 g6 5. d3 Bg7 6. Bd2 e6 7. Rb1 Nge7 8. a3 a6
9. g3 O-O 10. Bg2 Rb8 11. O-O b5 12. Ne2 a5 13. c3 a4 14. d4 Na5 15. Be3 Nc4
16. Bf2 Qb6 17. e5 cxd4 18. exd6 Qxd6 19. Nexd4 Nd5 20. Qe2 Nxa3 21. Rbc1 Nc4
22. Nxb5 Rxb5 23. Qxc4 Rxb2 24. Rfd1 Rxf2 25. Kxf2 Qb6+ 26. Nd4 Ba6 27. Qxa4
Rc8 28. Bxd5 exd5 29. Kg2 Bc4 30. Qc2 Re8 31. Qb1 Qa7 32. Rc2 h5 33. Rcd2 Qc7
34. Re1 Rb8 35. Rb2 Rxb2+ 36. Qxb2 h4 37. Qd2 Qd7 38. Qe3 hxg3 39. hxg3 Qa4 40.
Qe8+ Qxe8 41. Rxe8+ Bf8 42. Nc6 Kg7 43. Rd8 Ba3 44. Nb4 Bb2 45. Nxd5 Bxd5+ 46.
Rxd5 Bxc3 47. g4 Bb2 48. Kf3 Ba1 49. Rd7 Kf8 50. Rb7 Bc3 51. Ke4 f6 52. f5
gxf5+ 53. gxf5 Be5 54. Kd5 Ke8 55. Ke6 Kd8 56. Rf7 Ke8 57. Rxf6 Bxf6 58. Kxf6
Kf8 59. Kg6 Kg8 60. Kf6 Kf8 61. Ke6 Ke8 62. Ke5 Kf7 63. Kd5 Kf8 64. Ke5 Kf7 65.
Kf4 Kf6 66. Ke4 Kf7 67. Ke5 Ke7 68. f6+ Kd7 69. Kf5 Ke8 70. Kg6 Kf8 71. f7 Ke7
72. Kg7 1-0

[Event "4NCL Online Division 6"]
[Site "online"]
[Date "2020.10.06"]
[Round "4.83"]
[White "Dwek, Ilan G"]
[Black "Gallagher, Dominic"]
[Result "1/2-1/2"]
[WhiteElo "1675"]
[BlackElo "1630"]
[PlyCount "78"]
[EventDate "2020.10.06"]
[WhiteTeam "Deaf England"]
[BlackTeam "Bradford DCA Knights C"]

1. e4 e5 2. Nf3 Nc6 3. Bb5 a6 4. Ba4 Nf6 5. Bxc6 dxc6 6. d3 Bg4 7. Nbd2 Bd6 8.
h3 Bd7 9. Nc4 Qe7 10. Bd2 O-O-O 11. Bc3 Rhe8 12. Bxe5 Bxe5 13. Nfxe5 Be6 14.
Qe2 Bxc4 15. Nxc4 b5 16. Ne3 g6 17. O-O Nd7 18. Qd2 Qc5 19. Qa5 Qb6 20. Qxb6
Nxb6 21. b3 Nd7 22. a4 Kb7 23. axb5 axb5 24. Ra2 Ra8 25. Rfa1 Rxa2 26. Rxa2 Ra8
27. Rxa8 Kxa8 28. f4 Kb7 29. f5 Kb6 30. fxg6 hxg6 31. Kf2 Kc5 32. c3 Kd6 33. d4
c5 34. Kf3 cxd4 35. cxd4 c5 36. e5+ Ke6 37. dxc5 Nxc5 38. b4 Nd3 39. Nc2 Kxe5
1/2-1/2

[Event "4NCL Online Division 6"]
[Site "online"]
[Date "2020.10.06"]
[Round "4.84"]
[White "Redmond, Nigel"]
[Black "Masterson, Desmond"]
[Result "1-0"]
[WhiteElo "1565"]
[BlackElo "992"]
[PlyCount "101"]
[EventDate "2020.10.06"]
[WhiteTeam "Bradford DCA Knights C"]
[BlackTeam "Deaf England"]

1. e4 e6 2. d3 d5 3. Nd2 c5 4. Ngf3 Nc6 5. g3 Nf6 6. Bg2 d4 7. O-O e5 8. h3 Be7
9. Re1 O-O 10. Nf1 Be6 11. N1h2 Bd6 12. Nh4 Ne7 13. g4 Nd7 14. Nf5 Bxf5 15.
gxf5 f6 16. Qg4 Kh8 17. Kh1 Rg8 18. Rg1 Qf8 19. Bd2 b6 20. Nf3 Qf7 21. Nh4 g5
22. fxg6 Nxg6 23. Nxg6+ Rxg6 24. Qf5 Rag8 25. Bf3 Rxg1+ 26. Rxg1 Rxg1+ 27. Kxg1
Qg6+ 28. Qg4 Qxg4+ 29. Bxg4 Nf8 30. Bf5 Ng6 31. Kh2 Nh4 32. Bg4 Kg7 33. Kg3 Ng6
34. h4 h6 35. h5 Nf4 36. Bd1 Ne6 37. Kg4 Nf8 38. Kf5 Nh7 39. f4 exf4 40. Bxf4
Bxf4 41. Kxf4 Ng5 42. Kf5 Nh3 43. e5 fxe5 44. Kxe5 Nf2 45. Bf3 a5 46. a4 Nh3
47. Kd6 Ng5 48. Bg4 Kf6 49. Kc7 Nf7 50. Kxb6 Kg5 51. Be2 1-0

[Event "4NCL Online Division 6"]
[Site "online"]
[Date "2020.10.06"]
[Round "4.91"]
[White "Morris, David"]
[Black "Hossain Mohammed, Ashraf"]
[Result "1-0"]
[WhiteElo "1915"]
[BlackElo "1750"]
[PlyCount "69"]
[EventDate "2020.10.06"]
[WhiteTeam "Charlton Cobras"]
[BlackTeam "Enfield 1"]

1. e4 e5 2. Nf3 Nc6 3. Bc4 Bc5 4. b4 Bb6 5. a4 a6 6. Nc3 d6 7. Nd5 Nf6 8. Nxb6
cxb6 9. d3 h6 10. c3 Bg4 11. h3 Bh5 12. g4 Bg6 13. Nh4 d5 14. Nxg6 fxg6 15.
exd5 Ne7 16. Qf3 Nexd5 17. O-O O-O 18. Re1 Kh7 19. Rxe5 Nxc3 20. Bb2 Qd4 21.
Rae1 Nd7 22. R5e4 Qxe4 23. Rxe4 Rxf3 24. Bxc3 Rc8 25. Re7 Nf6 26. Bd4 Rf4 27.
Be5 g5 28. Bxf4 gxf4 29. Rxb7 Rc6 30. Kg2 a5 31. bxa5 bxa5 32. Rb5 Ra6 33. Kf3
g5 34. Rb7+ Kh8 35. Bxa6 1-0

[Event "4NCL Online Division 6"]
[Site "online"]
[Date "2020.10.06"]
[Round "4.92"]
[White "McNish, David"]
[Black "Bazan, Mateusz"]
[Result "1/2-1/2"]
[WhiteElo "1727"]
[BlackElo "1660"]
[PlyCount "58"]
[EventDate "2020.10.06"]
[WhiteTeam "Enfield 1"]
[BlackTeam "Charlton Cobras"]

1. d4 b6 2. Nf3 Bb7 3. e3 e6 4. Nbd2 Nc6 5. c3 g6 6. Bd3 Bg7 7. e4 Nge7 8. O-O
O-O 9. Re1 d5 10. e5 Nb8 11. b4 Nd7 12. Nb3 Rc8 13. Bf4 c5 14. bxc5 bxc5 15.
Be2 c4 16. Nbd2 Rb8 17. Nf1 Bc6 18. Qd2 Nb6 19. Ne3 Kh8 20. Ng4 Ng8 21. Nf6 Rc8
22. Nxg8 Kxg8 23. Bf1 Rb8 24. h3 Na4 25. Nh2 h5 26. Nf3 Qa5 27. Rec1 Rb2 28.
Qe3 Rfb8 29. Bh6 Qd8 1/2-1/2

[Event "4NCL Online Division 6"]
[Site "online"]
[Date "2020.10.06"]
[Round "4.93"]
[White "Rogers, David M"]
[Black "O'Caolaidhe, Cormac"]
[Result "1-0"]
[WhiteElo "1600"]
[BlackElo "1555"]
[PlyCount "65"]
[EventDate "2020.10.06"]
[WhiteTeam "Charlton Cobras"]
[BlackTeam "Enfield 1"]

1. c4 e5 2. g3 Nc6 3. Bg2 Nf6 4. Nc3 b6 5. Nf3 d6 6. Nxe5 dxe5 7. Bxc6+ Bd7 8.
Bxa8 Qxa8 9. O-O Bh3 10. f3 Bc5+ 11. e3 Bxf1 12. Qxf1 O-O 13. a3 a5 14. b3 Qc6
15. Bb2 Nd7 16. Rd1 f5 17. d4 Be7 18. Nd5 Qd6 19. dxe5 Nxe5 20. f4 Ng4 21. Qd3
Qe6 22. h3 Nf6 23. Nxc7 Qc6 24. Nd5 Nxd5 25. Qxd5+ Qxd5 26. Rxd5 Bf6 27. Bxf6
Rxf6 28. Rb5 g6 29. Kf2 Rc6 30. Kf3 Kf7 31. e4 fxe4+ 32. Kxe4 a4 33. Kd5 1-0

[Event "4NCL Online Division 6"]
[Site "online"]
[Date "2020.10.06"]
[Round "4.94"]
[White "Kapur, Gul"]
[Black "Verbytski, Oleg"]
[Result "0-1"]
[WhiteElo "1532"]
[BlackElo "1450"]
[PlyCount "126"]
[EventDate "2020.10.06"]
[WhiteTeam "Enfield 1"]
[BlackTeam "Charlton Cobras"]

1. d4 Nf6 2. c4 g6 3. Nc3 Bg7 4. Bf4 d6 5. h3 b6 6. Nf3 Bb7 7. Qc2 Nbd7 8. e4
Rc8 9. Rd1 Nh5 10. Be3 O-O 11. g4 Nhf6 12. Be2 Re8 13. e5 e6 14. exf6 Bxf6 15.
g5 Bxf3 16. Bxf3 Bxg5 17. Bxg5 Qxg5 18. Bc6 Rcd8 19. Kf1 f5 20. Qd2 Qf6 21. h4
Rf8 22. Qg5 Qf7 23. h5 Nf6 24. hxg6 Qxg6 25. Qxg6+ hxg6 26. Rd3 Kg7 27. f3 Rh8
28. Kg2 Rxh1 29. Kxh1 Rh8+ 30. Kg2 Nh5 31. Ne2 Kf6 32. f4 Rg8 33. Kf2 g5 34.
fxg5+ Rxg5 35. Rh3 Ke7 36. b4 Nf6 37. Bf3 Kd7 38. Rh6 Ke7 39. b5 Rg8 40. Nf4
Kf7 41. Nh5 Nxh5 42. Rxh5 Kf6 43. Rh7 Rg7 44. Rxg7 Kxg7 45. Kg3 Kf6 46. Bg2 Kg5
47. Bh3 e5 48. dxe5 dxe5 49. Bf1 e4 50. Kf2 Kf4 51. Ke2 Ke5 52. Bg2 f4 53. Bh1
Kd4 54. Kd2 f3 55. a3 Kxc4 56. Ke3 Kd5 57. Kf4 Kd4 58. Kg3 Ke3 59. Kh2 Ke2 60.
Kg3 f2 61. Bg2 e3 62. Bf3+ Ke1 63. Bg2 e2 0-1

[Event "4NCL Online Division 6"]
[Site "online"]
[Date "2020.10.06"]
[Round "4.101"]
[White "Walker, David N"]
[Black "White, David"]
[Result "1-0"]
[WhiteElo "1900"]
[BlackElo "1810"]
[PlyCount "71"]
[EventDate "2020.10.06"]
[WhiteTeam "Harborough Cuatro"]
[BlackTeam "Welwyn Hatfield"]

1. Nf3 Nf6 2. d4 g6 3. c4 c5 4. d5 e6 5. Nc3 exd5 6. cxd5 d6 7. e4 Bg7 8. h3
O-O 9. Bd3 a6 10. a4 b6 11. O-O Nbd7 12. Bf4 Qe7 13. Nd2 Nh5 14. Bh2 Be5 15.
Re1 Bxh2+ 16. Kxh2 Ne5 17. Bf1 Qf6 18. Kg1 Nf4 19. Re3 Bb7 20. g3 Nh5 21. f4
Nd7 22. Be2 Ng7 23. Nc4 Ne8 24. Bg4 Qd4 25. Qe2 f5 26. Rd1 Qg7 27. exf5 gxf5
28. Bxf5 Rxf5 29. Rxe8+ Rf8 30. Rxf8+ Rxf8 31. Qg4 Qxg4 32. hxg4 Nf6 33. Nxd6
Ba8 34. g5 Rd8 35. Nc4 Nxd5 36. Nxb6 1-0

[Event "4NCL Online Division 6"]
[Site "online"]
[Date "2020.10.06"]
[Round "4.102"]
[White "Roderick, Andrew"]
[Black "Thomson, John J"]
[Result "1-0"]
[WhiteElo "1787"]
[BlackElo "1757"]
[PlyCount "75"]
[EventDate "2020.10.06"]
[WhiteTeam "Welwyn Hatfield"]
[BlackTeam "Harborough Cuatro"]

1. e4 c5 2. d4 cxd4 3. c3 Nf6 4. e5 Nd5 5. cxd4 Nc6 6. Nf3 d6 7. Bc4 Nb6 8. Bb3
d5 9. O-O e6 10. Nc3 Be7 11. Be3 O-O 12. a3 Bd7 13. Qd3 a6 14. Bc2 g6 15. Bh6
Re8 16. Ne2 Bf8 17. Bg5 Be7 18. Bxe7 Qxe7 19. b3 f6 20. Ng3 fxe5 21. dxe5 Rf8
22. Qe3 Nc8 23. Rfe1 Qg7 24. h4 N8e7 25. h5 Nf5 26. Nxf5 gxf5 27. h6 Qg6 28.
Qf4 Qg4 29. Qxg4+ fxg4 30. Ng5 Rf5 31. Bxf5 exf5 32. e6 Be8 33. Rad1 d4 34. f3
gxf3 35. Nxf3 Rd8 36. Ne5 Kf8 37. Nxc6 bxc6 38. e7+ 1-0

[Event "4NCL Online Division 6"]
[Site "online"]
[Date "2020.10.06"]
[Round "4.103"]
[White "Garland, Michael A jnr"]
[Black "Elder, Kidge"]
[Result "1-0"]
[WhiteElo "1622"]
[BlackElo "1615"]
[PlyCount "69"]
[EventDate "2020.10.06"]
[WhiteTeam "Harborough Cuatro"]
[BlackTeam "Welwyn Hatfield"]

1. d4 c6 2. Bf4 d5 3. e3 e6 4. Nd2 Bd6 5. Bg3 Nf6 6. Bd3 b5 7. Ngf3 Bb7 8. a4
Bxg3 9. hxg3 a6 10. Ne5 Nbd7 11. axb5 axb5 12. Nxd7 Qxd7 13. Rxa8+ Bxa8 14. Nf3
h6 15. Ne5 Qc7 16. Qa1 Ke7 17. Bg6 Bb7 18. Bxf7 Ra8 19. Qd1 Qa5+ 20. Ke2 b4 21.
Bg6 c5 22. dxc5 Qxc5 23. Nd3 Ba6 24. Kf3 Qd6 25. Rh4 Rb8 26. Qe1 e5 27. Ke2 e4
28. Rf4 exd3+ 29. cxd3 Qc5 30. Qd1 b3 31. Ke1 Qa5+ 32. Qd2 Qa1+ 33. Ke2 Rc8 34.
Qb4+ Kd8 35. Qd6+ 1-0

[Event "4NCL Online Division 6"]
[Site "online"]
[Date "2020.10.06"]
[Round "4.104"]
[White "Sims, Tony J"]
[Black "Butler, Rene"]
[Result "1/2-1/2"]
[WhiteElo "1600"]
[BlackElo "1142"]
[PlyCount "67"]
[EventDate "2020.10.06"]
[WhiteTeam "Welwyn Hatfield"]
[BlackTeam "Harborough Cuatro"]

1. d4 d5 2. c4 Nf6 3. Bf4 e6 4. Nc3 c5 5. cxd5 Nxd5 6. Nxd5 Qxd5 7. dxc5 Qxd1+
8. Rxd1 Bxc5 9. a3 O-O 10. g3 Nc6 11. b4 Bb6 12. e3 Rd8 13. Rxd8+ Bxd8 14. Bg2
g5 15. Bxc6 bxc6 16. Bd6 Bb7 17. Bc5 Bb6 18. Ne2 Bxc5 19. bxc5 Rd8 20. O-O Ba6
21. Re1 Bxe2 22. Rxe2 Rd3 23. Rb2 Rc3 24. Rb8+ Kg7 25. Rb7 Rxc5 26. Rxa7 Rc1+
27. Kg2 c5 28. h3 c4 29. Kf3 c3 30. Rc7 c2 31. a4 Ra1 32. Rxc2 Rxa4 33. Rd2 h6
34. Rd4 1/2-1/2

[Event "4NCL Online Division 6"]
[Site "online"]
[Date "2020.10.06"]
[Round "4.111"]
[White "Clark, Richard"]
[Black "Nancarrow, Richard"]
[Result "1/2-1/2"]
[WhiteElo "1900"]
[BlackElo "1540"]
[PlyCount "131"]
[EventDate "2020.10.06"]
[WhiteTeam "Cornish Pirates"]
[BlackTeam "Jan Luke's Wrecking Crew"]

1. b4 d5 2. Bb2 Nf6 3. Nf3 e6 4. a3 Be7 5. e3 Bd7 6. c4 c6 7. cxd5 cxd5 8. Nc3
a6 9. Rc1 O-O 10. Bd3 Be8 11. Bb1 Nbd7 12. Ne2 Bd6 13. Ng3 Rc8 14. h4 Bxg3 15.
fxg3 Rxc1 16. Qxc1 Qb8 17. Rh3 Nb6 18. Qc2 Nbd7 19. g4 g6 20. h5 Nxg4 21. hxg6
fxg6 22. Qc3 Ngf6 23. Ng5 e5 24. e4 Qa7 25. Qe3 Qxe3+ 26. dxe3 dxe4 27. Nxe4
Nxe4 28. Bxe4 b5 29. Bd5+ Bf7 30. e4 Bxd5 31. exd5 Rf5 32. Rc3 Rf6 33. Rc8+ Kf7
34. Rc7 Ke8 35. Rc6 Ke7 36. Ke2 Rd6 37. Ke3 Rxd5 38. Rxa6 Rd6 39. Ra7 Ke6 40.
Ra8 h5 41. Re8+ Kf5 42. Rb8 Rd5 43. Rb7 Kg4 44. Rc7 h4 45. Rc2 g5 46. Rf2 Nb6
47. Ke4 Rd1 48. Kxe5 Nc4+ 49. Ke4 Nxb2 50. Rxb2 Kg3 51. Kf5 Rd5+ 52. Ke4 Rd1
53. Ra2 Rg1 54. a4 bxa4 55. b5 Rb1 56. Rxa4 Rxb5 57. Ra2 Rb1 58. Kf5 g4 59.
Ra3+ Kxg2 60. Kxg4 Rb4+ 61. Kg5 h3 62. Ra2+ Kg3 63. Ra3+ Kg2 64. Ra2+ Kg3 65.
Ra3+ Kg2 66. Ra2+ 1/2-1/2

[Event "4NCL Online Division 6"]
[Site "online"]
[Date "2020.10.06"]
[Round "4.112"]
[White "Macphail, Kieran"]
[Black "Jiménez Patiño, Manuel David"]
[Result "1-0"]
[WhiteElo "1472"]
[BlackElo "1750"]
[PlyCount "107"]
[EventDate "2020.10.06"]
[WhiteTeam "Jan Luke's Wrecking Crew"]
[BlackTeam "Cornish Pirates"]

1. e4 e6 2. d4 d5 3. e5 c5 4. c3 Nc6 5. Nf3 Qb6 6. a3 Bd7 7. b4 cxd4 8. cxd4
Nh6 9. Bb2 Nf5 10. Be2 Be7 11. h4 f6 12. g4 Nh6 13. Nbd2 fxe5 14. Nxe5 Nxd4 15.
Nxd7 Kxd7 16. Qa4+ Kd8 17. f3 Nxe2 18. Kxe2 Bf6 19. Bxf6+ gxf6 20. Nb3 Qc6 21.
Qxc6 bxc6 22. Rac1 Rc8 23. Rc5 Nf7 24. Rhc1 Ne5 25. Na5 Kd7 26. h5 h6 27. Rd1
a6 28. Nb3 Nc4 29. Rxc4 e5 30. Nc5+ Ke7 31. Rc2 Ra8 32. Rdc1 d4 33. Ne4 Rhd8
34. Kd3 a5 35. Rxc6 axb4 36. Rc7+ Kf8 37. axb4 Ra3+ 38. Ke2 d3+ 39. Kd1 d2 40.
Nxd2 Rxf3 41. Rc8 Rf1+ 42. Ke2 Rxc1 43. Rxc1 Rd4 44. Rc4 Rxc4 45. Nxc4 Ke7 46.
b5 Kd7 47. b6 Kc6 48. Ke3 Kb7 49. Ke4 Kc6 50. Kf5 Kb7 51. Kxf6 e4 52. Kg6 e3
53. Nxe3 Kxb6 54. Kxh6 1-0

[Event "4NCL Online Division 6"]
[Site "online"]
[Date "2020.10.06"]
[Round "4.113"]
[White "Kostadinov, Boris K"]
[Black "Spargo, Philip J"]
[Result "1-0"]
[WhiteElo "1660"]
[BlackElo "1420"]
[PlyCount "129"]
[EventDate "2020.10.06"]
[WhiteTeam "Cornish Pirates"]
[BlackTeam "Jan Luke's Wrecking Crew"]

1. d4 d5 2. c4 c6 3. Nc3 e6 4. Nf3 Nf6 5. Bf4 Bd6 6. Bg3 O-O 7. e3 a6 8. Rc1 b5
9. cxd5 cxd5 10. Bd3 Bb7 11. Ne5 Be7 12. O-O Nbd7 13. Ne2 Nxe5 14. dxe5 Nd7 15.
Nd4 Rc8 16. Qh5 g6 17. Qe2 Qb6 18. h4 Rxc1 19. Rxc1 Rc8 20. Rxc8+ Bxc8 21. h5
Nc5 22. hxg6 Nxd3 23. gxf7+ Kxf7 24. Qxd3 Kg8 25. e4 Qc5 26. Kh2 Bf8 27. exd5
Qxd5 28. Qe3 Bg7 29. a3 Bb7 30. Nf3 Qd1 31. Qa7 Bxf3 32. Qb8+ Bf8 33. gxf3 Qxf3
34. Qc8 Qh5+ 35. Kg2 Qf5 36. Qxa6 Qe4+ 37. Kh2 Qc4 38. Qb7 b4 39. a4 Qc5 40.
Qf3 Qd5 41. Qf6 Bg7 42. Qg5 b3 43. Qe3 Qc4 44. Qb6 Qd5 45. Qb5 Bf8 46. Qxd5
exd5 47. Kg2 Ba3 48. e6 Kf8 49. Be5 Bc5 50. f4 d4 51. Kf3 h5 52. f5 d3 53. a5
d2 54. Ke2 Bb4 55. a6 Bc5 56. Kxd2 Ke7 57. Kc3 h4 58. Kxb3 h3 59. Kc4 Bd6 60.
Bh2 Bxh2 61. a7 Bd6 62. a8=Q h2 63. Qh1 Kf6 64. Kd5 Be7 65. Qxh2 1-0

[Event "4NCL Online Division 6"]
[Site "online"]
[Date "2020.10.06"]
[Round "4.114"]
[White "James, John"]
[Black "Jones, Bryan"]
[Result "1/2-1/2"]
[WhiteElo "1277"]
[BlackElo "1607"]
[PlyCount "80"]
[EventDate "2020.10.06"]
[WhiteTeam "Jan Luke's Wrecking Crew"]
[BlackTeam "Cornish Pirates"]

1. d4 d5 2. Bf4 e6 3. Nf3 Nf6 4. e3 Bd6 5. Ne5 Nc6 6. Nd2 Bxe5 7. dxe5 Nd7 8.
Nf3 O-O 9. Bd3 g6 10. Bh6 Re8 11. Bg5 f6 12. exf6 Nxf6 13. Bb5 Bd7 14. O-O Rf8
15. Bxc6 bxc6 16. Bh6 Re8 17. Ne5 c5 18. Bg5 Rf8 19. Re1 Qe8 20. Bh6 Rf7 21.
Nxf7 Qxf7 22. Qf3 Ne4 23. Qxf7+ Kxf7 24. f3 Nd6 25. e4 d4 26. e5 Nc4 27. f4 Rb8
28. b3 Nb6 29. Rab1 Nd5 30. g3 Nc3 31. Rb2 Nd5 32. g4 c6 33. a4 a5 34. Rf1 Ne3
35. Rf3 Nxg4 36. Bg5 Ne3 37. Bh6 Nf5 38. Rh3 c4 39. Kf1 c3 40. Rb1 c5 1/2-1/2

[Event "4NCL Online Division 6"]
[Site "online"]
[Date "2020.10.06"]
[Round "4.121"]
[White "Eedle, Eric F"]
[Black "Brightley-Davies, Ciaran"]
[Result "1-0"]
[WhiteElo "1787"]
[BlackElo "1592"]
[PlyCount "55"]
[EventDate "2020.10.06"]
[WhiteTeam "Barnet Knights B"]
[BlackTeam "Kent KJCA Kestrels E"]

1. d4 e6 2. c4 Nf6 3. Nc3 Bb4 4. f3 Nc6 5. e4 d5 6. e5 Nd7 7. Be3 Nb6 8. c5 Nc4
9. Bxc4 dxc4 10. Nge2 O-O 11. O-O b6 12. cxb6 cxb6 13. Rc1 a6 14. Ne4 b5 15. b3
Na5 16. Bg5 Qb6 17. bxc4 Nxc4 18. Qb3 a5 19. Rfd1 Bb7 20. N2g3 h6 21. Bxh6 gxh6
22. Nf6+ Kh8 23. Qd3 Qxd4+ 24. Qxd4 Be7 25. Qf4 Bxf6 26. Qxh6+ Kg8 27. exf6 Ne5
28. Qg7# 1-0

[Event "4NCL Online Division 6"]
[Site "online"]
[Date "2020.10.06"]
[Round "4.122"]
[White "Ratnesan, Radha"]
[Black "Vyas, Alisha"]
[Result "1-0"]
[WhiteElo "1622"]
[BlackElo "1682"]
[PlyCount "155"]
[EventDate "2020.10.06"]
[WhiteTeam "Kent KJCA Kestrels E"]
[BlackTeam "Barnet Knights B"]

1. d4 Nf6 2. c4 g6 3. Nc3 Bg7 4. e4 d6 5. Bd3 O-O 6. Nge2 Nc6 7. O-O e5 8. d5
Ne7 9. Bg5 Nd7 10. Qd2 a6 11. f4 f6 12. Bh4 Bh6 13. Bg3 Nc5 14. b4 Nxd3 15.
Qxd3 exf4 16. Bxf4 Bg7 17. Rac1 g5 18. Be3 Ng6 19. Bd4 Qe7 20. Ng3 Ne5 21. Bxe5
fxe5 22. Rxf8+ Kxf8 23. Rf1+ Kg8 24. Nf5 Bxf5 25. Rxf5 Rf8 26. Qf3 h6 27. Ne2
Rf6 28. Rxf6 Qxf6 29. Qxf6 Bxf6 30. g4 Kf7 31. Ng3 Bg7 32. Kf2 Ke8 33. Ke2 Kd7
34. Kd3 c6 35. dxc6+ Kxc6 36. a4 Kb6 37. Nf5 Bf8 38. a5+ Kc6 39. Kc3 b6 40.
axb6 Kxb6 41. Ne3 Kc6 42. Nd5 Bg7 43. Kb3 h5 44. h3 h4 45. Ka4 Bf8 46. Ka5 Kb7
47. b5 axb5 48. cxb5 Bg7 49. b6 Bf8 50. Kb5 Bg7 51. Ne7 Bf6 52. Nc6 Bg7 53.
Nd8+ Kb8 54. Ka6 d5 55. Nc6+ Kc8 56. b7+ Kc7 57. b8=Q+ Kxc6 58. Qb7+ Kc5 59.
Qxg7 d4 60. Qxe5+ Kc4 61. Qd5+ Kc3 62. e5 d3 63. e6 Kc2 64. e7 d2 65. e8=Q d1=Q
66. Qxd1+ Kxd1 67. Qe3 Kc2 68. Qd4 Kb3 69. Qc5 Ka4 70. Qb6 Ka3 71. Qb5 Ka2 72.
Kb6 Ka3 73. Kc5 Ka2 74. Kc4 Ka1 75. Kc3 Ka2 76. Qa4+ Kb1 77. Qb3+ Ka1 78. Qb2#
1-0

[Event "4NCL Online Division 6"]
[Site "online"]
[Date "2020.10.06"]
[Round "4.123"]
[White "Sanfey, Gregor"]
[Black "Lettington, David"]
[Result "1/2-1/2"]
[WhiteElo "1690"]
[BlackElo "1637"]
[PlyCount "51"]
[EventDate "2020.10.06"]
[WhiteTeam "Barnet Knights B"]
[BlackTeam "Kent KJCA Kestrels E"]

1. e4 d5 2. exd5 Qxd5 3. Nc3 Qa5 4. d4 c6 5. Bc4 Nf6 6. Nf3 Bf5 7. O-O e6 8.
Qe2 Bd6 9. Bg5 Nbd7 10. Rfe1 O-O 11. Ne5 Qc7 12. Rad1 b5 13. Bd3 b4 14. Ne4
Nxe4 15. Bxe4 Bxe4 16. Qxe4 f6 17. Nxd7 Bxh2+ 18. Kh1 Qxd7 19. Qxe6+ Qxe6 20.
Rxe6 fxg5 21. Kxh2 Rxf2 22. Rxc6 Re8 23. Kg3 Ree2 24. Kg4 Rxg2+ 25. Kf5 Rgf2+
26. Kxg5 1/2-1/2

[Event "4NCL Online Division 6"]
[Site "online"]
[Date "2020.10.06"]
[Round "4.124"]
[White "Langley, Anthony M"]
[Black "Grose, Kameron"]
[Result "1/2-1/2"]
[WhiteElo "1577"]
[BlackElo "1630"]
[PlyCount "142"]
[EventDate "2020.10.06"]
[WhiteTeam "Kent KJCA Kestrels E"]
[BlackTeam "Barnet Knights B"]

1. e4 c5 2. Nf3 d6 3. Bc4 Nf6 4. Nc3 a6 5. Ng5 e6 6. Nf3 b5 7. Bd3 c4 8. Be2 b4
9. Na4 Nxe4 10. Bxc4 d5 11. Bd3 Nf6 12. Qe2 Bd7 13. b3 Be7 14. Nb2 O-O 15. O-O
a5 16. Ne5 Nc6 17. Nxd7 Qxd7 18. c3 Qc7 19. g3 Ne5 20. cxb4 Bxb4 21. Bb1 Ng6
22. Nd3 Bd6 23. Bb2 Qe7 24. Ne1 Ba3 25. Bc3 Bb4 26. Nf3 Bxc3 27. dxc3 Rfc8 28.
Rc1 Rc7 29. Bxg6 hxg6 30. Rc2 Rac8 31. Rac1 Ne4 32. Qe3 Qf6 33. c4 Nd6 34. Nd2
Nf5 35. Qf3 dxc4 36. Rxc4 Rxc4 37. Rxc4 Rxc4 38. Nxc4 Qa1+ 39. Kg2 Qxa2 40.
Qa8+ Kh7 41. Qb7 a4 42. Qxf7 axb3 43. Ne5 Qa8+ 44. Kh3 Nh6 45. Qxg6+ Kh8 46.
Qxe6 b2 47. Ng6+ Kh7 48. Qb3 Kxg6 49. Qxb2 Qc8+ 50. Kg2 Qc6+ 51. Kg1 Qf6 52.
Qc2+ Qf5 53. Qc6+ Kh7 54. h4 Ng4 55. f4 Qb1+ 56. Kg2 Ne3+ 57. Kf2 Qc2+ 58.
Qxc2+ Nxc2 59. Kf3 Nd4+ 60. Ke4 Ne2 61. g4 Nc3+ 62. Kf5 Nd5 63. h5 Ne7+ 64. Kg5
Ng8 65. f5 Nh6 66. f6 gxf6+ 67. Kxf6 Nxg4+ 68. Kg5 Nh6 69. Kf6 Ng8+ 70. Kg5 Kg7
71. h6+ Nxh6 1/2-1/2